<?xml version="1.0" encoding="UTF-8"?>
<record
    xmlns:xsi="http://www.w3.org/2001/XMLSchema-instance"
    xsi:schemaLocation="http://www.loc.gov/MARC21/slim http://www.loc.gov/standards/marcxml/schema/MARC21slim.xsd"
    xmlns="http://www.loc.gov/MARC21/slim">

  <leader>02054cam a22004214a 4500</leader>
  <controlfield tag="001">12223008</controlfield>
  <controlfield tag="005">20220326193329.0</controlfield>
  <controlfield tag="008">000227s1999    sp a     bc   000 0 spa  </controlfield>
  <datafield tag="010" ind1=" " ind2=" ">
    <subfield code="a">   00459993 </subfield>
  </datafield>
  <datafield tag="020" ind1=" " ind2=" ">
    <subfield code="a">8480261366 (MNCARS)</subfield>
  </datafield>
  <datafield tag="020" ind1=" " ind2=" ">
    <subfield code="a">8480031883 (Aldeasa)</subfield>
  </datafield>
  <datafield tag="035" ind1=" " ind2=" ">
    <subfield code="a">(SpBaP)pu 000005428</subfield>
  </datafield>
  <datafield tag="040" ind1=" " ind2=" ">
    <subfield code="a">DLC</subfield>
    <subfield code="c">DLC</subfield>
    <subfield code="d">DLC</subfield>
  </datafield>
  <datafield tag="042" ind1=" " ind2=" ">
    <subfield code="a">pcc</subfield>
  </datafield>
  <datafield tag="082" ind1=" " ind2=" ">
    <subfield code="a">709.2</subfield>
    <subfield code="b">G 672m</subfield>
  </datafield>
  <datafield tag="100" ind1="1" ind2=" ">
    <subfield code="a">Bourgeois, Louise</subfield>
    <subfield code="d">1911-2010.</subfield>
    <subfield code="9">3066</subfield>
  </datafield>
  <datafield tag="245" ind1="1" ind2="0">
    <subfield code="a">Louise Bourgeois :</subfield>
    <subfield code="b">memoria y arquitectura </subfield>
    <subfield code="c">Bourgeois, Louise; Gorovoy, Jerry (curador); Tilkin, Danielle (curador)</subfield>
  </datafield>
  <datafield tag="260" ind1=" " ind2=" ">
    <subfield code="a">Madrid :</subfield>
    <subfield code="b">Museo Nacional Centro de Arte Reina Sof&#xED;a :</subfield>
    <subfield code="b">Aldeasa,</subfield>
    <subfield code="c">c1999.</subfield>
  </datafield>
  <datafield tag="300" ind1=" " ind2=" ">
    <subfield code="a">315 p. :</subfield>
    <subfield code="b">ill. (some col.) ;</subfield>
    <subfield code="c">31 cm.</subfield>
  </datafield>
  <datafield tag="500" ind1=" " ind2=" ">
    <subfield code="a">Museo Nacional Centro de Arte Reina Sof&#xED;a, Madrid, 16 de noviembre de 1999-14 de febrero del 2000.</subfield>
  </datafield>
  <datafield tag="504" ind1=" " ind2=" ">
    <subfield code="a">Includes bibliographical references (p. 311-313).</subfield>
  </datafield>
  <datafield tag="505" ind1=" " ind2=" ">
    <subfield code="t">Nada mejor que el hogar</subfield>
    <subfield code="r">Jerry Gorovoy y Danielle Tilkin</subfield>
    <subfield code="t">Louise Bourgeois: Arquitectura como ensayo de la memoria</subfield>
    <subfield code="r">Joseph Helfenstein</subfield>
    <subfield code="t">La arquitectura del trauma</subfield>
    <subfield code="r">Beatriz Colomina</subfield>
    <subfield code="t">Louise Bourgeois: Una mujer en acci&#xF3;n</subfield>
    <subfield code="r">Christiane Terrisse</subfield>
    <subfield code="t">Adios a la casa de mu&#xF1;ecas</subfield>
    <subfield code="r">Lynne Cooke</subfield>
    <subfield code="t">Invocar a Bernini</subfield>
    <subfield code="r">Mieke Bal</subfield>
    <subfield code="t">Passages Impliques</subfield>
    <subfield code="r">Jennifer Bloomer</subfield>
    <subfield code="t">Laminas</subfield>
    <subfield code="t">Obras en la exposici&#xF3;n</subfield>
    <subfield code="t">Cronolog&#xED;a</subfield>
    <subfield code="t">Exposiciones individuales</subfield>
  </datafield>
  <datafield tag="600" ind1="1" ind2="0">
    <subfield code="a">Bourgeois, Louise,</subfield>
    <subfield code="d">1911-2010</subfield>
    <subfield code="v">Exhibitions.</subfield>
    <subfield code="9">3067</subfield>
  </datafield>
  <datafield tag="650" ind1=" " ind2=" ">
    <subfield code="x">Biograf&#xED;a</subfield>
    <subfield code="9">3068</subfield>
  </datafield>
  <datafield tag="650" ind1=" " ind2=" ">
    <subfield code="a">Arquitectura</subfield>
    <subfield code="9">80</subfield>
  </datafield>
  <datafield tag="650" ind1=" " ind2=" ">
    <subfield code="a">Arte contempor&#xE1;neo</subfield>
    <subfield code="9">977</subfield>
  </datafield>
  <datafield tag="700" ind1=" " ind2=" ">
    <subfield code="a"> Gorovoy, Jerry (curador)</subfield>
    <subfield code="9">3069</subfield>
  </datafield>
  <datafield tag="700" ind1=" " ind2=" ">
    <subfield code="a">Tilkin, Danielle (curador)</subfield>
    <subfield code="9">3532</subfield>
  </datafield>
  <datafield tag="700" ind1=" " ind2=" ">
    <subfield code="a">Helfenstein, Joseph</subfield>
    <subfield code="9">3533</subfield>
  </datafield>
  <datafield tag="700" ind1=" " ind2=" ">
    <subfield code="a">Colomina, Beatriz</subfield>
    <subfield code="9">3534</subfield>
  </datafield>
  <datafield tag="700" ind1=" " ind2=" ">
    <subfield code="a">Terrisse, Christiane</subfield>
    <subfield code="9">3535</subfield>
  </datafield>
  <datafield tag="700" ind1=" " ind2=" ">
    <subfield code="a">Cooke, Lynne</subfield>
    <subfield code="9">462</subfield>
  </datafield>
  <datafield tag="700" ind1=" " ind2=" ">
    <subfield code="a">Bal, Mieke</subfield>
    <subfield code="9">3536</subfield>
  </datafield>
  <datafield tag="700" ind1=" " ind2=" ">
    <subfield code="a">Bloomer, Jennifer</subfield>
    <subfield code="9">3537</subfield>
  </datafield>
  <datafield tag="710" ind1="2" ind2=" ">
    <subfield code="a">Museo Nacional Centro de Arte Reina Sof&#xED;a.</subfield>
    <subfield code="9">1491</subfield>
  </datafield>
  <datafield tag="906" ind1=" " ind2=" ">
    <subfield code="a">7</subfield>
    <subfield code="b">cbc</subfield>
    <subfield code="c">origres</subfield>
    <subfield code="d">2</subfield>
    <subfield code="e">ncip</subfield>
    <subfield code="f">20</subfield>
    <subfield code="g">y-gencatlg</subfield>
  </datafield>
  <datafield tag="999" ind1=" " ind2=" ">
    <subfield code="c">682</subfield>
    <subfield code="d">682</subfield>
  </datafield>
  <datafield tag="952" ind1=" " ind2=" ">
    <subfield code="0">0</subfield>
    <subfield code="1">0</subfield>
    <subfield code="2">ddc</subfield>
    <subfield code="4">0</subfield>
    <subfield code="7">0</subfield>
    <subfield code="a">LV</subfield>
    <subfield code="b">LV</subfield>
    <subfield code="c">Monograf&#xED;as</subfield>
    <subfield code="d">2015-06-12</subfield>
    <subfield code="l">0</subfield>
    <subfield code="o">709.2 G 672m</subfield>
    <subfield code="p">000623</subfield>
    <subfield code="r">2015-06-12 00:00:00</subfield>
    <subfield code="w">2015-06-12</subfield>
    <subfield code="y">01</subfield>
  </datafield>
</record>
